|
|
|
|
| LEADER |
00000nam0a2200000 4500 |
| 001 |
342641 |
| 005 |
20231102005456.0 |
| 035 |
|
|
|a (RuTPU)RU\TPU\book\371814
|
| 090 |
|
|
|a 342641
|
| 100 |
|
|
|a 20190321d1980 km y0rusy50 ca
|
| 101 |
0 |
|
|a rus
|
| 102 |
|
|
|a RU
|
| 105 |
|
|
|a a z 001zy
|
| 200 |
1 |
|
|a Расходомеры постоянного перепада давления (ротаметры)
|f Р. И. Каратаев, М. А. Копырин
|
| 210 |
|
|
|a Москва
|c Машиностроение
|d 1880
|
| 215 |
|
|
|a 96 с.
|c ил.
|
| 225 |
1 |
|
|a Библиотека приборостроителя
|
| 320 |
|
|
|a Библиогр.: с. 94-95
|
| 606 |
1 |
|
|a Ротаметры
|2 stltpush
|3 (RuTPU)RU\TPU\subj\25401
|9 49573
|
| 610 |
1 |
|
|a расходомеры
|
| 610 |
1 |
|
|a давление
|
| 610 |
1 |
|
|a перепады
|
| 610 |
1 |
|
|a теория
|
| 610 |
1 |
|
|a назначение
|
| 610 |
1 |
|
|a показания
|
| 610 |
1 |
|
|a расход газа
|
| 610 |
1 |
|
|a измерение
|
| 610 |
1 |
|
|a градуировка
|
| 675 |
|
|
|a 681.121.8
|v 4
|
| 700 |
|
1 |
|a Каратаев
|b Р. И.
|g Робиндар Николаевич
|
| 701 |
|
1 |
|a Копырин
|b М. А.
|g Меркурий Александрович
|
| 801 |
|
1 |
|a RU
|b 63413507
|c 20190321
|
| 801 |
|
2 |
|a RU
|b 63413507
|c 20210415
|g RCR
|
| 942 |
|
|
|c BK
|